000 00768nam a2200289Ia 4500
005 20260324112232.0
008 008 260324s9999 xx 000 0 eng d
020 _a9780429270383
037 _aEBOOK
040 _aCRL
040 _beng
040 _cCRL
041 _2eng
041 _aeng
084 _qCRL
100 _aDaniel C. Johnson
_91141852
245 0 _aHolistic Musical Thinking: A Pedagogical Model for Hands-On and Heart-Felt Musical Engagement
245 0 _bRoutledge New Directions in Music Education Series
260 _bTaylor and Francis
260 _c2024
365 _a
365 _b83.99
856 _uhttp://www.taylorfrancis.com/books/9780429270383
942 _cEBOOK
999 _c1730989
_d1730989